Estrategias para la Optimizacin̤ de los Recursos Humanos

Detalles Bibliográficos
Autor principal: Lechuga Santillǹ, Efran̕
Formato: eBook
Lenguaje:español
Publicado: Mx̌ico D.F. : Ediciones Fiscales ISEF, 2007
Materias:
Acceso en línea:http://www.vlex.com/source/10983

MARC

LEADER 00000nam a22000007a 4500
005 20130404184040.0
007 cr|||| ||||
008 130404e2007 mx |||||s|||| 00||0 spa d
020 |a 968-7427-96-5 
035 |a 10983 
040 |a vLex 
090 |c 4122  |d 4122 
100 1 0 |a Lechuga Santillǹ, Efran̕  
245 1 0 |a Estrategias para la Optimizacin̤ de los Recursos Humanos  |c / Efran̕ Lechuga Santillǹ   |h [Recurso electrn̤ico] 
256 |a Servicio en ln̕ea 
260 |a Mx̌ico D.F. :  |b Ediciones Fiscales ISEF,   |c 2007 
300 |a 1 Recurso electrn̤ico 
506 |a Contenido solo disponible en los productos indicados  |d vLex Global  |d vLex Global (Academic Edition, excluding Law Schools)  |d vLex Global (U.S. Academic Edition, Law Schools)  |d vLex Global (U.S. Academic Edition, excluding Law Schools)  |d vLex Global (Academic Edition, Law Schools) 
650 0 4 |a Recursos humanos  |z Mx̌ico 
650 0 4 |a Administracin̤ (Management)  |z Mx̌ico 
650 0 4 |a Derecho laboral y Seguridad Social  |z Mx̌ico 
740 |a vLex Libros (Servicio en ln̕ea) 
856 |a Acceso restringido  |u http://www.vlex.com/source/10983 
942 |c BOOK 
999 0 |a Management